| 000 | 01112nac a22003857a 4500 | ||
|---|---|---|---|
| 001 | BR7307333 | ||
| 003 | BR-BrBNA | ||
| 005 | 20240105113547.0 | ||
| 008 | 230509b bl.|||m| |||| 00| 0 por d | ||
| 040 |
_aBR-BrBNA _bpor _cBiblioteca Nacional de Agricultura |
||
| 072 | _aF00 | ||
| 090 | _a0430 BR7307333 | ||
| 100 | 1 | _aAlves, E.J. | |
| 100 | 1 | _aFreire, E.C. | |
| 100 | 1 | _aSouza, L. da S. | |
| 110 | 1 |
_aInstituto de Pesquisa Agropecuaria do Leste, Cruz das Almas, BA (Brasil) _96080 |
|
| 245 | 1 | _aCultura do algodao [Gossypium spp.; Brasil] | |
| 260 | 3 |
_aCruz das Almas, BA (Brasil): _c1973. |
|
| 300 | _a22 p. | ||
| 490 |
_aCircular - Instituto de Pesquisa Agropecuaria do Leste (Brazil) _vno. 39 _x |
||
| 500 | _a10 ref. | ||
| 650 | _aALGODAO | ||
| 650 | _aVARIEDADE | ||
| 650 | _aCLIMA | ||
| 650 | _aADUBACAO | ||
| 650 | _aSEMEADURA | ||
| 650 | _aESPACAMENTO | ||
| 650 | _aDEFESA VEGETAL | ||
| 650 | _aCOLHEITA | ||
| 650 | _aARMAZENAMENTO | ||
| 650 | _aCUSTO DE PRODUCAO | ||
| 650 | _aREGIAO LESTE | ||
| 909 |
_a202312 _bLúcia Elande _c55 _dLúcia Elande |
||
| 942 |
_2AGRIS _n0 _cMS |
||
| 999 |
_c264439 _d264439 |
||